| 000 | 00377nam a22001457a 4500 | ||
|---|---|---|---|
| 008 | 250630b |||||||| |||| 00| 0 eng d | ||
| 020 | _a9781788826471 | ||
| 050 |
_aHF1025 _b.B76 |
||
| 100 | _aBrown Peter | ||
| 245 | _aBasic principles of economic geography | ||
| 260 |
_aEssex _bED-Tech press _c2022 |
||
| 300 |
_axiv,381p. _bill. |
||
| 650 | _aEconomic geography | ||
| 942 | _cBK | ||
| 999 |
_c4002 _d4002 |
||